000 01203nam0a22002531 4500
001 rc\858927
005 20041129092933.2
021 _aRU
_bКН-П-19-094876
_9КН-П-19-6953
035 _a(NLR Aleph) 006038764
090 _a7605297
_c7605297
100 _a20041129d1983 u |0rusy50 ca
101 0 _arus
102 _aRU
105 _ay |||||||||
200 1 _aПроктология
_eАннот. указ. метод. рекомендаций, изд. НИИ и мед. вузами Рос. Федерации за 1971-1981 гг.
_f[Сост. проф. В.Л. Ривкин, М.Б. Мейтув, к. м. н. Н.С. Трескунова]
210 _aМ.
_cБ. и.
_d1983
215 _a25 с.
_d20
300 _aВ надзаг.: М-во здравоохранения РСФСР, Моск. НИИ эпидемиологии и микробиологии им. Г.Н. Габричевского, Респ. отд. науч. мед. информ., НИИ проктологии Минздрава РСФСР
700 1 _aРивкин
_bВ. Л.
_gВладимир Львович
801 0 _aRU
_bNLR
_gpsbo
801 1 _aRU
_bELAR
_2rusmarc
852 _aNLR
_bС
_jК-1/1942
942 _cBOOK
980 _aNB